Capitales les plus proches de Doha - une minute sprint - Statistiques

Statistiques générales
  • Ce quiz a été pris 55 fois
  • Le résultat moyen est 11 sur 20
Statistiques - réponses
km capitale % Correct
492 Riyad
94%
1158 Téhéran
88%
1131 Bagdad
85%
302 Abou Dabi
81%
575 Koweït
79%
1343 Sanaa
77%
1734 Damas
75%
1748 Jérusalem
75%
722 Mascate
69%
1818 Beyrouth
62%
1693 Amman
58%
140 Manama
50%
1989 Kaboul
35%
1686 Bakou
23%
1764 Djibouti
23%
1783 Erevan
21%
1930 Tbilissi
19%
1718 Asmara
15%
2059 Nicosie
12%
1549 Achgabat
10%
Aucun quiz correspondant
Distribution des résultats
% des personnes avec chaque résultat
Percentile par nombre de réponses
Votre historique - résultats
Vous n’avez pas pris ce quiz